Statistics for England or Scotland?

Click here to take the quiz!

General Stats

  • This quiz has been taken 116 times
  • The average score is 10 of 12

Answer Stats

QuestionAnswer% Correct
London is its capitalEngland
98%
Has the coldest recorded temperatureScotland
98%
Is the location of Ben Nevis, the UK's highest mountainScotland
97%
Borders WalesEngland
95%
The lion is its national animalEngland
95%
Its flag features blueScotland
94%
Has the largest land area (130,395 km²)England
82%
Has the highest GDP per capita ($42,976)England
78%
Have won the most rugby union matches between each otherEngland
76%
Won the world's first international football matchNeither (draw)
76%
Has the westernmost westernmost pointScotland
62%
Is home to the oldest tree in EuropeScotland
56%

Score Distribution

Percentile by Number Answered

Percent of People with Each Score

Your Score History

You have not taken this quiz